000 00874 a2200193 4500
001 25209
005 20260407155535.0
008 260407a1974 arg spa d
003 AR-UNSa-BCEJYS
040 _aAR-UNSa-BCEJYS
_bspa
_cAR-UNSa-BCEJYS
080 _a519.2
_xProbabilidades y estadística matemática
245 1 0 _aIntroducción a la inferencia estadísitica para administración y economía
264 1 _aMéxico :
_bLimusa
_c1974
300 _a312 p.
_c25 cm.
505 _a1. Procedimientos básicos - 2. Poblaciones y muestras - 3. Estimaciones - 4. Pruebas de hipótesis - 5. Diferencias entre medias - 6. Diferencia entre dos variancias o varias medidas - 7. Relación entre dos conjuntos de mediciones - 8. Cambios con el tiempo - 9. Pruebas para distribuciones.
942 _cBK
590 _aniveau_biblio:m niveau_hierar:0
100 1 _aKoosis, Donald J.
999 _c1318
_d1318